| 000 | 00476nam a2200169Ia 4500 | ||
|---|---|---|---|
| 003 | LK-CoDNM | ||
| 005 | 20240122094739.0 | ||
| 008 | 010623t1925 xxu||||| |||| 00| 1 sin d | ||
| 040 |
_aLK-CoDNM _dLK-CoDNM _eLK-CoDNM |
||
| 041 | _asin | ||
| 080 |
_a104 _bK 7 |
||
| 245 | _aදුටුගැමුණු නරේන්ද්ර චරිතය | ||
| 246 | _aDutugamunu Narendra Charitaya | ||
| 260 |
_bBastian Co. _aColombo _c1925 |
||
| 300 | _b24p, 21 cm | ||
| 942 | _cBK | ||
| 999 |
_c92941 _d92941 |
||